00294 a2200097 4500001001000000005001700010008004100027245005400068100002600122773004800148ART_3858720260410162011.0260409a 10aLa responsabilidad social empresaria en Argentina1 aPalacios, Clide Lidia0 tAnuariog- NÂș 6 (ene./dic. 2009)wREV38525